Normal view MARC view

Entry Topical Term

Number of records used in: 1

001 - CONTROL NUMBER

  • control field: 38075

003 - CONTROL NUMBER IDENTIFIER

  • control field: OSt

005 - DATE AND TIME OF LATEST TRANSACTION

  • control field: 20230501120913.0

008 - FIXED-LENGTH DATA ELEMENTS

  • fixed length control field: 230501|| aca||aabn | a|a d

040 ## - CATALOGING SOURCE

  • Original cataloging agency: OSt
  • Transcribing agency: OSt

150 ## - HEADING--TOPICAL TERM

  • Topical term or geographic name entry element: Firm customer interface, Technology capability utilization, Competitive advantage, Purchase stages.

670 ## - SOURCE DATA FOUND

  • Source citation: Work cat.: (OSt): Bhattacharyya, S.S. Sahay, A.and Sahay, A. 38074, The quest for competitive advantage: The role of technology depth and breadth at the customer interface

Powered by Koha